000 00240 a2200097 4500
001 49387
100 _aDoyle, Arthur
245 _aThe Complete Sherlock Homes...... Stories
260 _aLondon
_bJohn Murray & Co.
_c
090 _c31925
_d31925
942 _aNUST-CAE
_cM
_c24364
999 _c284460
_d284460